| 000 | 00397nam a22001577a 4500 | ||
|---|---|---|---|
| 003 | NUST - PNEC | ||
| 005 | 20170116181131.0 | ||
| 008 | 151006b xxu||||| |||| 00| 0 eng d | ||
| 040 | _cLIBRARY | ||
| 082 | _a940.53438 RAC | ||
| 100 |
_913999 _a Raczyński, Edward |
||
| 245 |
_aIn allied London _c Raczyński, Edward |
||
| 260 | _cc1962 | ||
| 650 |
_914001 _aPoland _xGeneral |
||
| 942 |
_2ddc _cBK |
||
| 999 |
_c69993 _d69993 |
||